LEADER 00872nam0 2200277 450 001 000026714 005 20091027153149.0 010 $a88-13-24108-9 100 $a20091027d2003----km-y0itay50------ba 101 0 $aita 102 $aIT 105 $ay-------001yy 200 1 $aTrattato di diritto privato europeo$fa cura di Nicolò Lipari 205 $a2. ed. 210 $aPadova$cCedam$d2003 215 $a4 v. 327 0 $aVol. 2: I soggetti (seconda parte). Beni, interessi, valori 500 10$aTrattato di diritto privato europeo$958638 610 1 $aDiritto privato$aUnificazione$aPaesi della Comunità europea 676 $a346.4$v21 702 1$aLipari,$bNicolò 801 0$aIT$bUNIPARTHENOPE$c20091027$gRICA$2UNIMARC 912 $a000026714 951 $d2009$aH-0239$b41292$cNAVA3 996 $aTrattato di diritto privato europeo$958638 997 $aUNIPARTHENOPE